[Event "Klubbmesterskap 2002"]
[Site "Ski, Akershus NOR"]
[Date "2002.02.28"]
[Round "4"]
[White "Ådnøy, Hallvard Voll"]
[Black "Lea, Per"]
[Result "1-0"]
[WhiteElo "2116"]
[BlackElo "1712"]
[PlyCount "51"]
[EventDate "2002.01.24"]

1. d4 d5 2. Nf3 Nf6 3. c4 e6 4. Nc3 c6 5. e3 g6 6. Bd3 dxc4 7. Bxc4 Bg7 8. O-O
O-O 9. e4 Nbd7 10. Bg5 Qc7 11. Rc1 Nb6 12. Bb3 Bd7 13. Qe2 a6 14. Rfd1 Rfe8 15.
h3 h6 16. Be3 Rad8 17. Qd2 Kh7 18. Bf4 Qc8 19. Qe3 Na8 20. Ne5 Rf8 21. Nc4 Ne8
22. d5 exd5 23. exd5 b5 24. dxc6 Bxc6 25. Na5 Rxd1+ 26. Nxd1 1-0

[Event "Klubbmesterskap 2002"]
[Site "Ski, Akershus NOR"]
[Date "2002.02.28"]
[Round "4"]
[White "Furnes, Torstein"]
[Black "Simonsen, Steinar"]
[Result "0-1"]
[WhiteElo "1518"]
[BlackElo "1535"]
[PlyCount "82"]
[EventDate "2002.01.24"]

1. d4 Nf6 2. c4 e6 3. Nc3 b6 4. Nf3 Bb7 5. Bg5 h6 6. Bh4 Be7 7. e3 d5 8. cxd5
Nxd5 9. Bxe7 Qxe7 10. Be2 O-O 11. O-O Nd7 12. Rc1 N7f6 13. Ne5 Nxc3 14. Rxc3
Nd5 15. Rc1 Qd6 16. Qc2 c5 17. Nf3 cxd4 18. Nxd4 Qe5 19. Rfd1 Rac8 20. Qa4 Rxc1
21. Rxc1 Nxe3 22. Qxa7 Bxg2 23. fxe3 Qxe3+ 24. Kxg2 Qxc1 25. Qxb6 Qe3 26. a4 e5
27. a5 exd4 28. Bf3 Qg5+ 29. Kf2 d3 30. a6 d2 31. a7 Qh4+ 32. Kg2 Qd8 33. Qxd8
Rxd8 34. b4 Ra8 35. Bxa8 d1=Q 36. Bf3 Qd2+ 37. Kg3 Qd6+ 38. Kg2 Qg6+ 39. Kf1
Qb1+ 40. Kf2 Qa2+ 41. Kg3 Qxa7 0-1

[Event "Klubbmesterskap 2002"]
[Site "Ski, Akershus NOR"]
[Date "2002.03.21"]
[Round "5"]
[White "Andersen, Odd"]
[Black "Furnes, Torstein"]
[Result "1-0"]
[WhiteElo "1681"]
[BlackElo "1518"]
[PlyCount "57"]
[EventDate "2002.01.24"]

1. d4 d5 2. c4 e6 3. Nf3 Nf6 4. Nc3 Be7 5. Bf4 c6 6. e3 O-O 7. h3 Nbd7 8. Bd3
dxc4 9. Bxc4 b5 10. Bd3 b4 11. Ne4 Nd5 12. Bd6 Bxd6 13. Nxd6 Qe7 14. Ne4 f5 15.
Ned2 e5 16. dxe5 Nxe5 17. Nxe5 Qxe5 18. O-O Qxb2 19. Bc4 Kh8 20. Rb1 Qc3 21.
Rb3 Qe5 22. Bxd5 Qxd5 23. Rxb4 Qxa2 24. Nf3 a5 25. Rh4 Ba6 26. Ng5 h6 27. Qh5
Bxf1 28. Qg6 Qg8 29. Rxh6+ 1-0

[Event "Klubbmesterskap 2002"]
[Site "Ski, Akershus NOR"]
[Date "2002.03.14"]
[Round "6"]
[White "Lea, Per"]
[Black "Weberg, Øivind"]
[Result "0-1"]
[WhiteElo "1712"]
[BlackElo "1642"]
[PlyCount "70"]
[EventDate "2002.01.24"]

1. e4 e6 2. d4 d5 3. Nc3 Bb4 4. e5 c5 5. a3 Bxc3+ 6. bxc3 Qc7 7. Qg4 f5 8. Qg3
cxd4 9. cxd4 Qxc2 10. Bd2 Qc7 11. Rc1 Nc6 12. Bb5 Kf7 13. Nf3 h6 14. h4 g6 15.
h5 g5 16. Nxg5+ hxg5 17. Qxg5 Ke8 18. Bxc6+ bxc6 19. Rxc6 Qf7 20. h6 Bb7 21.
Rxe6+ Qxe6 22. Qg7 Rxh6 23. Bxh6 Qf7 24. Qg5 Ba6 25. Kd2 Rb8 26. Re1 Ne7 27. e6
Qg6 28. Qf4 Rb6 29. Qc7 Qxh6+ 30. Re3 Rxe6 31. Qb8+ Bc8 32. Qxa7 Rxe3 33. Qa4+
Bd7 34. Qa8+ Kf7 35. fxe3 Qg5 0-1

[Event "Klubbmesterskap 2002"]
[Site "Ski, Akershus NOR"]
[Date "2002.03.14"]
[Round "6"]
[White "Furnes, Torstein"]
[Black "Moberg, Jan Rune"]
[Result "0-1"]
[WhiteElo "1518"]
[BlackElo "1573"]
[PlyCount "60"]
[EventDate "2002.01.24"]

1. d4 Nf6 2. c4 g6 3. Nc3 Bg7 4. e4 d6 5. Nf3 O-O 6. Be2 e5 7. O-O Nc6 8. d5
Ne7 9. Nd2 Bh6 10. g3 Bh3 11. Re1 Qd7 12. Nf1 Bg7 13. f4 exf4 14. Bxf4 Bg4 15.
Qd2 Bxe2 16. Rxe2 Ng4 17. Ne3 Rae8 18. Nxg4 Qxg4 19. Bh6 Bxh6 20. Qxh6 f5 21.
Rf1 fxe4 22. Rxf8+ Rxf8 23. Rxe4 Qf3 24. Qc1 Qf2+ 25. Kh1 Nf5 26. Rf4 Qe3 27.
Qf1 Qd2 28. Rf2 Nxg3+ 29. hxg3 Rxf2 30. Qg1 Qh6+ 0-1

[Event "Klubbmesterskap 2002"]
[Site "Ski, Akershus NOR"]
[Date "2002.03.07"]
[Round "7"]
[White "Simonsen, Steinar"]
[Black "Lea, Per"]
[Result "0-1"]
[WhiteElo "1535"]
[BlackElo "1712"]
[PlyCount "80"]
[EventDate "2002.01.24"]

1. e4 e5 2. Nf3 Nc6 3. Bb5 a6 4. Ba4 Nf6 5. O-O Be7 6. Bxc6 dxc6 7. d3 Bg4 8.
Be3 Qd7 9. Nxe5 Bxd1 10. Nxd7 Bxc2 11. Ne5 Rd8 12. Nc3 Bxd3 13. Nxd3 Rxd3 14.
Bf4 Bd8 15. Rad1 Rd7 16. Rxd7 Kxd7 17. h3 Re8 18. f3 Kc8 19. g4 Nd7 20. Kg2 Bf6
21. Bd2 Nc5 22. g5 Rd8 23. Be3 Bd4 24. Bxd4 Rxd4 25. Rf2 Nd3 26. Rf1 Nxb2 27.
e5 Nd3 28. Kg3 Rc4 29. Ne4 Nxe5 30. Re1 Rc2 31. f4 Nc4 32. f5 Rxa2 33. f6 Ra3+
34. Kh4 g6 35. Nc5 Re3 36. Rb1 Nd6 37. Rb2 a5 38. Nb3 a4 39. Nd4 Re4+ 40. Kg3
Rxd4 0-1

[Event "Klubbmesterskap 2002"]
[Site "Ski, Akershus NOR"]
[Date "2002.04.05"]
[Round "7"]
[White "Johansen, Anders Sten"]
[Black "Furnes, Torstein"]
[Result "1-0"]
[WhiteElo "1556"]
[BlackElo "1518"]
[PlyCount "69"]
[EventDate "2002.01.24"]

1. e4 c5 2. Nc3 Nc6 3. g3 d6 4. Bg2 Nf6 5. d3 Bg4 6. f3 Bd7 7. f4 e5 8. Nf3 Be7
9. O-O O-O 10. fxe5 Nxe5 11. Nxe5 dxe5 12. Nd5 Nxd5 13. exd5 f5 14. d6 Bxd6 15.
Bxb7 Rb8 16. Bd5+ Kh8 17. b3 f4 18. Bb2 Bh3 19. Qh5 Bxf1 20. Be4 h6 21. Qg6 Kg8
22. Qh7+ Kf7 23. Rxf1 Qg5 24. Bg2 Rh8 25. Qe4 Rb4 26. Qd5+ Ke7 27. a3 Rbb8 28.
gxf4 Qg6 29. fxe5 Bc7 30. Qxc5+ Kd8 31. Qd5+ Ke7 32. a4 Bb6+ 33. Kh1 Rbd8 34.
Ba3+ Ke8 35. Qc6+ 1-0

[Event "Klubbmesterskap 2002"]
[Site "Ski, Akershus NOR"]
[Date "2002.05.16"]
[Round "8"]
[White "Lea, Per"]
[Black "Andersen, Odd"]
[Result "1/2-1/2"]
[WhiteElo "1712"]
[BlackElo "1681"]
[PlyCount "51"]
[EventDate "2002.01.24"]

1. e4 d5 2. exd5 Qxd5 3. Nc3 Qd8 4. d4 c5 5. Bb5+ Bd7 6. dxc5 e6 7. Be3 Qc7 8.
Qf3 Bxb5 9. Nxb5 Qa5+ 10. Nc3 Nc6 11. O-O-O Bxc5 12. Bxc5 Qxc5 13. Ne4 Qe7 14.
Nd6+ Kf8 15. Nh3 h6 16. Rhe1 Nf6 17. Nf4 Rd8 18. Rxe6 Qc7 19. Rxf6 gxf6 20.
Ne6+ fxe6 21. Qxf6+ Kg8 22. Qxe6+ Kh7 23. Qf5+ Kg8 24. Qe6+ Kh7 25. Qf5+ Kg8
26. Qe6+ 1/2-1/2

[Event "Klubbmesterskap 2002"]
[Site "Ski, Akershus NOR"]
[Date "2002.04.25"]
[Round "9"]
[White "Moberg, Jan Rune"]
[Black "Lea, Per"]
[Result "1-0"]
[WhiteElo "1573"]
[BlackElo "1712"]
[PlyCount "129"]
[EventDate "2002.01.24"]

1. c4 Nf6 2. Nf3 g6 3. g3 Bg7 4. Bg2 O-O 5. Nc3 c5 6. O-O Nc6 7. e4 e6 8. d4 d5
9. exd5 Nxd4 10. dxe6 Bxe6 11. b3 Ne4 12. Nxe4 Nxf3+ 13. Qxf3 Bxa1 14. Bg5 f6
15. Bh6 Bd4 16. Bxf8 Qxf8 17. Nc3 Rb8 18. Nb5 a6 19. Nc7 Bd7 20. Re1 Bc6 21.
Nd5 Re8 22. Re2 Qd6 23. Qd3 Kf7 24. Qd2 Rxe2 25. Qxe2 Qe5 26. Qd2 Kg7 27. Kf1
b5 28. Qd3 b4 29. Be4 a5 30. f4 Qh5 31. Kg2 Qg4 32. Nxf6 Kxf6 33. Bxc6 Qe6 34.
Be4 Kg7 35. h3 Qe7 36. f5 Qf6 37. Qf3 gxf5 38. Bxf5 Qe5 39. Be4 Qe6 40. h4 h6
41. h5 Bf6 42. Bd5 Qd7 43. Qe4 Kf8 44. Qg6 Bg5 45. Qg8+ Ke7 46. Qg7+ Kd6 47.
Qf8+ Qe7 48. Qb8+ Qc7 49. Qe8 Qe7 50. Qc6+ Ke5 51. Bf3 Kd4 52. Qd5+ Kc3 53. Be4
Qd8 54. Qxc5 Qd2+ 55. Qf2 Qxf2+ 56. Kxf2 Kb2 57. c5 Kxa2 58. c6 Bd8 59. Bd5 Ka3
60. g4 a4 61. bxa4 Kxa4 62. g5 Kb5 63. g6 b3 64. g7 b2 65. Be4 1-0

[Event "Klubbmesterskap 2002"]
[Site "Ski, Akershus NOR"]
[Date "2002.04.25"]
[Round "9"]
[White "Furnes, Torstein"]
[Black "Gaasland, Glenn"]
[Result "0-1"]
[WhiteElo "1518"]
[BlackElo "1966"]
[PlyCount "58"]
[EventDate "2002.01.24"]

1. d4 Nf6 2. c4 g6 3. Nc3 Bg7 4. e4 d6 5. Nf3 O-O 6. Be2 c6 7. O-O a6 8. h3 b5
9. cxb5 cxb5 10. b4 Bb7 11. d5 Nxe4 12. Nxe4 Bxa1 13. Bh6 Bg7 14. Bxg7 Kxg7 15.
Qd4+ Kg8 16. Neg5 Nd7 17. Qh4 Nf6 18. Rd1 Kg7 19. Nxf7 Rxf7 20. Ng5 Bc8 21.
Nxf7 Kxf7 22. g4 Kg8 23. g5 Nd7 24. Rd4 Qf8 25. Rf4 Qg7 26. Qg3 Ne5 27. h4 Bb7
28. Bf3 Nxf3+ 29. Qxf3 Qe5 0-1

[Event "Høstturnering 2001"]
[Site "Ski, Akershus NOR"]
[Date "2001.09.20"]
[Round "1"]
[White "Warendorph, Hakon"]
[Black "Lea, Per"]
[Result "0-1"]
[WhiteElo "1416"]
[BlackElo "1693"]
[PlyCount "92"]
[EventDate "2001.09.20"]

1. d4 d5 2. c4 e5 3. dxe5 d4 4. Nf3 Nc6 5. a3 Bg4 6. Nbd2 Nge7 7. h3 Bxf3 8.
Nxf3 Ng6 9. e3 dxe3 10. Bxe3 Ngxe5 11. Nxe5 Nxe5 12. Qc2 c5 13. Rd1 Qa5+ 14.
Bd2 Qc7 15. Be2 Bd6 16. Qa4+ Nc6 17. O-O O-O-O 18. Bf3 Nd4 19. Qa5 Nxf3+ 20.
gxf3 b6 21. Qc3 Be5 22. Qc2 Rd6 23. Qf5+ Kb8 24. Bc3 Bd4 25. Kh1 g6 26. Qf4
Rhd8 27. Bxd4 Rxd4 28. Qxc7+ Kxc7 29. Rde1 Rxc4 30. Re7+ Rd7 31. Re2 Rcd4 32.
Kg2 Rd2 33. Rfe1 Rxe2 34. Rxe2 c4 35. Rc2 b5 36. b3 Rd4 37. bxc4 bxc4 38. Rc3
Kb6 39. Kf1 Kb5 40. Ke2 a5 41. Ke3 Rh4 42. f4 Rxh3+ 43. f3 Rh1 44. Kd4 Rd1+ 45.
Ke5 Rd3 46. Rxd3 cxd3 0-1

[Event "Høstturnering 2001"]
[Site "Ski, Akershus NOR"]
[Date "2001.09.20"]
[Round "1"]
[White "Furnes, Torstein"]
[Black "Thowsen, Alf Geir"]
[Result "1-0"]
[WhiteElo "1524"]
[BlackElo "1270"]
[PlyCount "89"]
[EventDate "2001.09.20"]

1. d4 d5 2. c4 c6 3. e3 Nf6 4. Nf3 g6 5. Nc3 Bg7 6. cxd5 cxd5 7. Be2 Nc6 8. O-O
O-O 9. Bd2 Bd7 10. Rc1 Rc8 11. Re1 Re8 12. a3 Bg4 13. h3 Bxf3 14. Bxf3 e6 15.
b4 a6 16. Na4 Nd7 17. Nc5 Nxc5 18. Rxc5 b6 19. Rc2 b5 20. Qc1 Nb8 21. Qb1 Nd7
22. Rec1 Nb6 23. Rxc8 Nxc8 24. Be2 Qb6 25. Rc2 Nd6 26. Qc1 Nc4 27. Bxc4 bxc4
28. a4 Rc8 29. Bc3 f6 30. Rb2 e5 31. b5 axb5 32. Rxb5 Qc6 33. Qb2 Ra8 34. a5
Qc7 35. Rxd5 Rb8 36. Rb5 Ra8 37. Rc5 Qb8 38. Qxb8+ Rxb8 39. Rxc4 Ra8 40. dxe5
fxe5 41. Rc5 e4 42. Bxg7 Kxg7 43. Re5 h5 44. Rxe4 Rxa5 45. g4 1-0

[Event "Høstturnering 2001"]
[Site "Ski, Akershus NOR"]
[Date "2001.09.27"]
[Round "2"]
[White "Wicklund-Hansen, Richard"]
[Black "Furnes, Torstein"]
[Result "1/2-1/2"]
[WhiteElo "1742"]
[BlackElo "1524"]
[PlyCount "73"]
[EventDate "2001.09.20"]

1. e4 c5 2. d3 Nc6 3. Nf3 d6 4. g3 Nf6 5. Bg2 g6 6. b3 Bg7 7. Bb2 O-O 8. Nbd2
Bg4 9. Rb1 Qd7 10. O-O Bh3 11. Re1 Bxg2 12. Kxg2 b5 13. Nh4 e5 14. Nf1 a5 15.
Qd2 a4 16. Ne3 a3 17. Bc1 d5 18. exd5 Nxd5 19. Kg1 f5 20. c4 Nxe3 21. Qxe3 Nd4
22. Qd2 b4 23. Qd1 Ra6 24. f4 Re8 25. fxe5 Rxe5 26. Rxe5 Bxe5 27. Nf3 Nxf3+ 28.
Qxf3 Rd6 29. Be3 Rxd3 30. Qa8+ Kg7 31. Bxc5 Bd4+ 32. Bxd4+ Qxd4+ 33. Kh1 Rd1+
34. Rxd1 Qxd1+ 35. Kg2 Qe2+ 36. Kh3 Qg4+ 37. Kg2 1/2-1/2

[Event "Høstturnering 2001"]
[Site "Ski, Akershus NOR"]
[Date "2001.09.27"]
[Round "2"]
[White "Lea, Per"]
[Black "Moberg, Jan Rune"]
[Result "1-0"]
[WhiteElo "1693"]
[BlackElo "1495"]
[PlyCount "65"]
[EventDate "2001.09.20"]

1. e4 e5 2. Nf3 d6 3. d4 Nd7 4. Bc4 c6 5. O-O Be7 6. c3 b5 7. Bb3 a6 8. Re1
Ngf6 9. Bg5 O-O 10. Nbd2 h6 11. Bh4 Ra7 12. Nf1 Re8 13. Ng3 g5 14. Nf5 gxh4 15.
Nxh6+ Kg7 16. Nxf7 Qc7 17. Nxh4 Nf8 18. Qf3 Ne6 19. Qg3+ Kxf7 20. Qg6+ Kf8 21.
Qh6+ Kg8 22. Re3 Bf8 23. Rg3+ Bg7 24. Qxf6 Qe7 25. Qg6 Qf7 26. Qxf7+ Rxf7 27.
Nf5 exd4 28. Nxd6 Rff8 29. Nxc8 dxc3 30. bxc3 Kh7 31. Nd6 Bxc3 32. Rxc3 Nd4 33.
Rh3+ 1-0

[Event "Høstturnering 2001"]
[Site "Ski, Akershus NOR"]
[Date "2001.10.04"]
[Round "3"]
[White "Wicklund-Hansen, Richard"]
[Black "Lea, Per"]
[Result "0-1"]
[WhiteElo "1742"]
[BlackElo "1693"]
[PlyCount "60"]
[EventDate "2001.09.20"]

1. e4 e5 2. Nf3 Nc6 3. d3 d5 4. Nbd2 Nf6 5. exd5 Qxd5 6. Nc4 Bc5 7. Be3 O-O 8.
Bxc5 Qxc5 9. Be2 Be6 10. Ne3 h6 11. O-O Rad8 12. a3 a5 13. Qe1 Rfe8 14. Nd2 Nd4
15. Bd1 Nd5 16. Nec4 Bf5 17. Ne4 Bxe4 18. Qxe4 f5 19. Qe1 b6 20. Ne3 e4 21. c3
exd3 22. cxd4 Qxd4 23. Bb3 Qxb2 24. Bxd5+ Rxd5 25. Nc4 Qb5 26. Qc3 Rc5 27. Rfe1
Rxe1+ 28. Rxe1 Qxc4 29. Qd2 Qc3 30. Re8+ Kh7 0-1

[Event "Høstturnering 2001"]
[Site "Ski, Akershus NOR"]
[Date "2001.10.04"]
[Round "3"]
[White "Lund, Alf Haakon"]
[Black "Furnes, Torstein"]
[Result "1-0"]
[WhiteElo "1420"]
[BlackElo "1524"]
[PlyCount "39"]
[EventDate "2001.09.20"]

1. e4 c5 2. Nf3 Nc6 3. d4 cxd4 4. Nxd4 e5 5. Nb3 Nf6 6. Bg5 Be7 7. Nc3 Nxe4 8.
Nxe4 Bxg5 9. Nd6+ Ke7 10. Bc4 Rf8 11. Qd5 Bf6 12. c3 Qc7 13. Nb5 Qb8 14. Rd1 a6
15. Qc5+ Ke8 16. Nd6+ Kd8 17. Nxc8 Be7 18. Nxe7 Nxe7 19. Qb6+ Ke8 20. Nc5 1-0

[Event "Høstturnering 2001"]
[Site "Ski, Akershus NOR"]
[Date "2001.10.18"]
[Round "4"]
[White "Lea, Per"]
[Black "Skjærseth, Trond Marius"]
[Result "1-0"]
[WhiteElo "1693"]
[BlackElo "1445"]
[PlyCount "73"]
[EventDate "2001.09.20"]

1. e4 e5 2. Nf3 d5 3. exd5 Bd6 4. d4 e4 5. Ne5 Nf6 6. c4 O-O 7. Bd2 Nbd7 8.
Nxd7 Qxd7 9. Be2 Qf5 10. h3 Qg6 11. g4 h6 12. Nc3 Re8 13. Be3 a6 14. a3 Bd7 15.
Qb3 Nh7 16. O-O-O Be7 17. Qc2 Bg5 18. Qd2 b5 19. c5 c6 20. d6 a5 21. Rdf1 b4
22. axb4 axb4 23. Nb1 b3 24. f4 exf3 25. Rxf3 Rxe3 26. Rxe3 Re8 27. Bd3 Qf6 28.
Rhe1 Rxe3 29. Rxe3 Nf8 30. Bc4 Be6 31. Bxe6 Qf1+ 32. Qd1 Bxe3+ 33. Nd2 Bxd2+
34. Kxd2 Qxd1+ 35. Kxd1 Nxe6 36. d5 Nxc5 37. dxc6 1-0

[Event "Høstturnering 2001"]
[Site "Ski, Akershus NOR"]
[Date "2001.10.18"]
[Round "4"]
[White "Furnes, Torstein"]
[Black "Lystad, Frank"]
[Result "1-0"]
[WhiteElo "1524"]
[BlackElo "1416"]
[PlyCount "103"]
[EventDate "2001.09.20"]

1. d4 d5 2. c4 e6 3. Nc3 Nf6 4. Bg5 Be7 5. e3 Nbd7 6. Nf3 a6 7. Bd3 O-O 8. O-O
h6 9. Bf4 c5 10. dxc5 Nxc5 11. Be2 Nce4 12. Nxe4 Nxe4 13. Rc1 Nf6 14. Ne5 Bd7
15. c5 Rc8 16. b4 Qe8 17. Qd4 Bb5 18. Bxb5 Qxb5 19. Rfd1 Nh5 20. Bg3 Nxg3 21.
hxg3 Bf6 22. f4 Qa4 23. Qd2 Bxe5 24. fxe5 Rc7 25. Rf1 Qb5 26. Rf4 b6 27. cxb6
Qxb6 28. Rxc7 Qxc7 29. Qd4 Rc8 30. Rf2 Qc4 31. Rd2 Qxd4 32. Rxd4 Rc3 33. e4
dxe4 34. Rxe4 Rxg3 35. a4 Ra3 36. a5 Rd3 37. Kf2 Kf8 38. Ke2 Rd5 39. Ke3 Ke7
40. g4 f6 41. exf6+ Kxf6 42. Rc4 Rd6 43. Kf4 g6 44. Ke4 h5 45. gxh5 gxh5 46.
Rc5 e5 47. Rxe5 Re6 48. Rxe6+ Kxe6 49. b5 h4 50. bxa6 h3 51. Kf3 Kd6 52. a7 1-0

[Event "Høstturnering 2001"]
[Site "Ski, Akershus NOR"]
[Date "2001.10.25"]
[Round "5"]
[White "Furnes, Torstein"]
[Black "Næssvold, Kjell"]
[Result "1/2-1/2"]
[WhiteElo "1524"]
[BlackElo "1890"]
[PlyCount "162"]
[EventDate "2001.09.20"]

1. d4 Nf6 2. c4 e6 3. Nc3 d5 4. Bg5 Be7 5. e3 Nbd7 6. Nf3 O-O 7. Bd3 dxc4 8.
Bxc4 a6 9. O-O b5 10. Bd3 Bb7 11. Rc1 c5 12. dxc5 Nxc5 13. Be2 Rc8 14. b4 Nce4
15. Nxe4 Bxe4 16. a3 h6 17. Bf4 Nd5 18. Be5 Bf6 19. Qd4 Bc2 20. Bxf6 Qxf6 21.
Qxf6 gxf6 22. Nd4 Be4 23. Rxc8 Rxc8 24. Nb3 Rc3 25. Nc5 Bg6 26. Nxa6 Rxa3 27.
Bxb5 Nxb4 28. Nxb4 Rb3 29. Nd5 Rxb5 30. Nxf6+ Kg7 31. Ne8+ Kf8 32. Nd6 Rd5 33.
Nb7 Bd3 34. Rd1 Rb5 35. h3 Be2 36. Rd2 Rb1+ 37. Kh2 Bf1 38. Nd6 f5 39. e4 f4
40. g3 f3 41. g4 Bg2 42. Kg3 Rh1 43. e5 Rxh3+ 44. Kf4 h5 45. gxh5 Rxh5 46. Ne4
Rf5+ 47. Kg4 Rxe5 48. Kf4 Rf5+ 49. Ke3 Ra5 50. Rd6 Ke7 51. Rb6 e5 52. Rb7+ Ke6
53. Rb6+ Kd7 54. Rd6+ Ke7 55. Rd3 Ra1 56. Kd2 Ra2+ 57. Kd1 Re2 58. Re3 Rxe3 59.
fxe3 Ke6 60. Ke1 Kf5 61. Nd2 e4 62. Kf2 Ke5 63. Nc4+ Ke6 64. Nd2 Kf5 65. Nc4
Bh3 66. Nd2 Bg4 67. Nc4 Bh5 68. Nd2 Ke5 69. Nc4+ Ke6 70. Nd2 Kf5 71. Nc4 Bf7
72. Nd2 Bd5 73. Nf1 Ke5 74. Nd2 Kd6 75. Nf1 Kc5 76. Ng3 Kc4 77. Nf5 Kd3 78. Nd4
Bb7 79. Nf5 Bc8 80. Nd4 Bg4 81. Nc6 Kd2 1/2-1/2

[Event "Høstturnering 2001"]
[Site "Ski, Akershus NOR"]
[Date "2001.10.29"]
[Round "5"]
[White "Bekkelien, Glenn Lewi"]
[Black "Lea, Per"]
[Result "0-1"]
[WhiteElo "1635"]
[BlackElo "1693"]
[PlyCount "58"]
[EventDate "2001.09.20"]

1. Nf3 Nf6 2. g3 g6 3. Bg2 Bg7 4. O-O O-O 5. d3 d6 6. e4 e5 7. Nbd2 Nh5 8. Nh4
Nc6 9. Nf5 Nf4 10. gxf4 gxf5 11. Qh5 Qf6 12. fxe5 dxe5 13. f4 Qg6 14. Qxg6 fxg6
15. Nf3 fxe4 16. Ng5 Nd4 17. Bxe4 Nxc2 18. Bd5+ Kh8 19. Nf7+ Rxf7 20. Bxf7 Nxa1
21. Bd2 Nc2 22. fxe5 Bxe5 23. Bb3 Nd4 24. Rf8+ Kg7 25. Rf7+ Kg8 26. Bh6 Be6 27.
Bxe6 Nxe6 28. Re7 Nd4 29. Kg2 Nf5 0-1

[Event "Høstturnering 2001"]
[Site "Ski, Akershus NOR"]
[Date "2001.11.01"]
[Round "6"]
[White "Moberg, Jan Rune"]
[Black "Furnes, Torstein"]
[Result "1-0"]
[WhiteElo "1495"]
[BlackElo "1524"]
[PlyCount "93"]
[EventDate "2001.09.20"]

1. e4 c5 2. f4 d6 3. Be2 Nc6 4. Nf3 e5 5. d3 Nf6 6. O-O Be7 7. c3 O-O 8. Kh1
Bd7 9. Na3 a6 10. Nc4 exf4 11. Bxf4 Be6 12. e5 dxe5 13. Nfxe5 Nxe5 14. Nxe5 Nd7
15. Ng4 Nf6 16. Ne5 Nd5 17. Bd2 Bd6 18. Nc4 Bc7 19. Qe1 b5 20. Ne3 Qd6 21. g3
Bh3 22. Ng2 Rae8 23. Qf2 Re6 24. Bf3 Rf6 25. Qe2 Re6 26. Qf2 f5 27. c4 Nf6 28.
Bf4 Qe7 29. Bxc7 Qxc7 30. Nf4 Rd6 31. Nxh3 Rxd3 32. Nf4 Rd6 33. Nd5 Nxd5 34.
Bxd5+ Kh8 35. b3 Rdf6 36. Rae1 h6 37. Re6 Rxe6 38. Bxe6 Qc6+ 39. Bd5 Qd6 40.
Re1 Rf6 41. Re8+ Kh7 42. Qe3 bxc4 43. bxc4 Qb6 44. Rg8 Qb1+ 45. Kg2 Qxa2+ 46.
Kh3 Qa5 47. Qe8 1-0

[Event "Høstturnering 2001"]
[Site "Ski, Akershus NOR"]
[Date "2001.11.01"]
[Round "6"]
[White "Lea, Per"]
[Black "Weberg, Øivind"]
[Result "1-0"]
[WhiteElo "1693"]
[BlackElo "1635"]
[PlyCount "89"]
[EventDate "2001.09.20"]

1. e4 e6 2. d4 d5 3. Nc3 Bb4 4. e5 c5 5. a3 Bxc3+ 6. bxc3 Qc7 7. Qg4 f6 8. Bb5+
Nc6 9. Bf4 f5 10. Qg3 cxd4 11. Bxc6+ bxc6 12. cxd4 Ba6 13. Nf3 Qa5+ 14. Bd2 Qb5
15. Kd1 Ne7 16. Qxg7 Rg8 17. Qf6 Kd7 18. Bb4 Rae8 19. h4 Rgf8 20. Qg7 Rg8 21.
Qf7 Qe2+ 22. Kc1 h6 23. Bxe7 Rxe7 24. Qxg8 Qxf2 25. Qb8 Qe3+ 26. Kb2 Bc4 27.
Qxa7+ Ke8 28. Qa8+ Kf7 29. Qxc6 Qf2 30. Rhg1 Be2 31. Qb6 Bd3 32. Rac1 Be4 33.
h5 f4 34. Qc6 Bxf3 35. gxf3 Qxd4+ 36. c3 Qf2+ 37. Kb3 Qe3 38. Rce1 Qf2 39. Ref1
Qe3 40. Rg6 Qxe5 41. Rfg1 Qxh5 42. Rg7+ Kf6 43. Rxe7 Kxe7 44. Qc7+ Kf6 45.
Qxf4+ 1-0

[Event "Høstturnering 2001"]
[Site "Ski, Akershus NOR"]
[Date "2001.11.15"]
[Round "7"]
[White "Lund, Alf Haakon"]
[Black "Lea, Per"]
[Result "1/2-1/2"]
[WhiteElo "1420"]
[BlackElo "1693"]
[PlyCount "119"]
[EventDate "2001.09.20"]

1. e4 e5 2. Nf3 Nc6 3. d4 exd4 4. Bc4 Nf6 5. e5 d5 6. Bb5 Ne4 7. Nxd4 Bd7 8. e6
fxe6 9. Bxc6 bxc6 10. Qh5+ g6 11. Qe5 Qf6 12. Qxf6 Nxf6 13. O-O Bd6 14. Re1 O-O
15. Nf3 Rae8 16. Ne5 Bxe5 17. Rxe5 Ng4 18. Re2 e5 19. f3 Nf6 20. Nc3 Bc8 21.
Bh6 Rf7 22. Rae1 Rfe7 23. Bf4 Nd7 24. Nd1 Ba6 25. Re3 Kf7 26. Bg3 Bc4 27. Ra3
a6 28. b3 Bb5 29. Ra5 c5 30. a4 Bc6 31. Rxa6 Nb8 32. Ra5 Nd7 33. Ra7 Nb6 34.
Nc3 c4 35. b4 d4 36. b5 Ra8 37. Rxa8 Bxa8 38. Na2 Nxa4 39. Rxe5 Rd7 40. Re1 d3
41. cxd3 cxd3 42. Rd1 Nb2 43. Rd2 Nc4 44. Rd1 d2 45. Bf4 Rd4 46. Bh6 Kf6 47.
Kf2 g5 48. Ke2 Rh4 49. Bf8 Rxh2 50. Kf2 Rxg2+ 51. Kxg2 Ne3+ 52. Kf2 Nxd1+ 53.
Ke2 Nb2 54. Kxd2 Bxf3 55. Ke3 g4 56. Nc3 Nd1+ 57. Kf4 Nxc3 58. Bc5 h5 59. Bd4+
Ke6 60. Bxc3 1/2-1/2

[Event "Høstturnering 2001"]
[Site "Ski, Akershus NOR"]
[Date "2001.11.15"]
[Round "7"]
[White "Furnes, Torstein"]
[Black "Simonsen, Steinar"]
[Result "1-0"]
[WhiteElo "1524"]
[BlackElo "1526"]
[PlyCount "59"]
[EventDate "2001.09.20"]

1. d4 Nf6 2. c4 e6 3. Nc3 Bb4 4. Bd2 O-O 5. e3 Bxc3 6. Bxc3 Ne4 7. Qc2 d5 8.
Nf3 Nd7 9. Bd3 Ndf6 10. O-O Nxc3 11. bxc3 b6 12. cxd5 exd5 13. Rfe1 Bb7 14. Ne5
Qd6 15. Rac1 c5 16. Qe2 Rac8 17. g4 Rfe8 18. Bf5 Rc7 19. g5 Ne4 20. h4 cxd4 21.
cxd4 Rxc1 22. Bxh7+ Kf8 23. Rxc1 g6 24. Qf3 Rxe5 25. dxe5 Qe6 26. Rc7 Nc5 27.
h5 gxh5 28. g6 Qg4+ 29. Qxg4 hxg4 30. Rxf7+ 1-0

[Event "Høstturnering 2001"]
[Site "Ski, Akershus NOR"]
[Date "2001.11.22"]
[Round "8"]
[White "Olsen, Birger"]
[Black "Furnes, Torstein"]
[Result "1/2-1/2"]
[WhiteElo "1185"]
[BlackElo "1524"]
[PlyCount "94"]
[EventDate "2001.09.20"]

1. b4 d5 2. Bb2 e6 3. e3 Nf6 4. a3 c5 5. c3 c4 6. Nf3 b5 7. a4 bxa4 8. Qxa4+
Bd7 9. Qc2 Be7 10. Be2 O-O 11. O-O Nc6 12. d3 cxd3 13. Bxd3 Qb6 14. Nbd2 Rfc8
15. Qb3 Rab8 16. Ra6 Qc7 17. Rfa1 Rb6 18. Rxb6 axb6 19. Qa3 Na5 20. Qa2 Nc4 21.
Nxc4 dxc4 22. Be2 h6 23. Qa7 b5 24. Qxc7 Rxc7 25. Nd4 e5 26. Nc2 Bf5 27. Ne1
Rd7 28. Rd1 Rxd1 29. Bxd1 Ne4 30. Bf3 g5 31. g4 Bg6 32. Bg2 Kf8 33. Nf3 f6 34.
Kf1 Ke8 35. Ke2 Kd7 36. Ne1 Ke6 37. f3 Nd6 38. Kd2 Bd8 39. h3 Bb6 40. Bc1 Be8
41. Ke2 Bc6 42. e4 Be8 43. Nc2 Bc6 44. Ne3 Ba7 45. Nf1 Bb6 46. Ng3 Be8 47. Bd2
Ba7 1/2-1/2

[Event "Høstturnering 2001"]
[Site "Ski, Akershus NOR"]
[Date "2001.11.22"]
[Round "8"]
[White "Lea, Per"]
[Black "Johansen, Anders Sten"]
[Result "1/2-1/2"]
[WhiteElo "1693"]
[BlackElo "1596"]
[PlyCount "48"]
[EventDate "2001.09.20"]

1. e4 e5 2. Nf3 Nc6 3. Bc4 Be7 4. d4 exd4 5. Nxd4 Bf6 6. Be3 Nxd4 7. Bxd4 d6 8.
O-O Be6 9. Bb3 Bxd4 10. Qxd4 Qf6 11. c3 Bxb3 12. Qxf6 Nxf6 13. axb3 O-O 14. Re1
Rfe8 15. Nd2 a6 16. c4 Nd7 17. b4 Ne5 18. Re3 Nc6 19. Rb3 Nd4 20. Rd3 Nc6 21.
Rb3 f5 22. exf5 Nd4 23. Rd3 Nc2 24. Rd1 Nxb4 1/2-1/2

[Event "Høstturnering 2001"]
[Site "Ski, Akershus NOR"]
[Date "2001.12.06"]
[Round "9"]
[White "Næssvold, Kjell"]
[Black "Lea, Per"]
[Result "1-0"]
[WhiteElo "1890"]
[BlackElo "1693"]
[PlyCount "97"]
[EventDate "2001.09.20"]

1. e4 e5 2. Nf3 Nc6 3. d4 exd4 4. Nxd4 Bc5 5. Be3 Qf6 6. c3 Nge7 7. Bc4 Ne5 8.
Be2 d5 9. f4 N5g6 10. e5 Qh4+ 11. g3 Qh3 12. Bf1 Qg4 13. Nd2 Qxd1+ 14. Rxd1 Bg4
15. Be2 Bxe2 16. Kxe2 O-O-O 17. b4 Bb6 18. N2b3 c6 19. a4 Rhe8 20. Kf3 Nf8 21.
a5 Bxd4 22. Nxd4 Neg6 23. Nf5 Kb8 24. Nxg7 Re7 25. Bc5 Red7 26. Bd6+ Kc8 27.
Nh5 f5 28. b5 Ne6 29. bxc6 bxc6 30. Rb1 Rb7 31. a6 Rb6 32. Nf6 h6 33. Rxb6 axb6
34. Rb1 b5 35. Ke3 Nc7 36. Ra1 Na8 37. h3 Nf8 38. Ng8 Ne6 39. Ne7+ Kd7 40. Nxf5
h5 41. Nd4 Rg8 42. Rg1 Nb6 43. Nxe6 Kxe6 44. Kd4 Ra8 45. g4 Rxa6 46. f5+ Kd7
47. gxh5 Ra4+ 48. Kc5 Nc4 49. e6+ 1-0